000 00309 a2200109 4500
000 nam a22 7a 4500
020 _a9780323390880
100 _aKee, Joyce LeFever
245 _aClinical calculations : with applications to general and specialty areas
250 _aEighth edition
260 _bElsevier
_c2017.
999 _c83618
_d83618